| 000 | 00608nam a2200193 a 4500 | ||
|---|---|---|---|
| 005 | 20241212063703.0 | ||
| 008 | 991125s1992 ag 000 0 spa u | ||
| 020 | _a9507550488 | ||
| 035 | _aUPN01000050073 | ||
| 049 | _aF | ||
| 050 | 4 |
_aLB1715 _bL55 no.4 |
|
| 100 | 1 | _aSurdí, Ana María | |
| 245 | 1 | 1 |
_a¿Qué es el fracaso escolar? : _buna propuesta para la reflexión / _cAna María Surdi. |
| 260 |
_aBuenos Aires : _bBraga, _c1992. |
||
| 300 |
_a27 p. : _bil. |
||
| 440 | 0 |
_aLineamientos. _pCuadernos de orientación educativa ; _v4 |
|
| 650 | 4 |
_aEducación primaria _vEvaluación _95393 |
|
| 905 | _aLibro | ||
| 999 |
_c50073 _d50073 |
||